Normal view MARC view

Entry Personal Name

Number of records used in: 1

001 - CONTROL NUMBER

  • control field: 56068

003 - CONTROL NUMBER IDENTIFIER

  • control field: MY-SjTCS

005 - DATE AND TIME OF LATEST TRANSACTION

  • control field: 20191205134522.0

008 - FIXED-LENGTH DATA ELEMENTS

  • fixed length control field: 120202nn a|a||abb| a a|a d

039 #9 -

  • : 201202021240
  • : shuhada

040 ## - CATALOGING SOURCE

  • Original cataloging agency: VRT
  • Transcribing agency: VRT

100 1# - HEADING--PERSONAL NAME

  • Personal name: Goldberg, Michael J.,
  • Titles and other words associated with a name: Dr.

670 ## - SOURCE DATA FOUND

  • Source citation: The myth of autism, c2011.:
  • Information found: t.p. (Michael J. Goldberg.)

999 ## -

  • : VIRTUA4 x

999 ## -

  • : VTLSSORT0080*0400*1000*6700*9991